|
|
|
|
| LEADER |
01683cas a2200253 a 4500 |
| 001 |
AALejournalIMF011313 |
| 008 |
230101c9999 xx r poo 0 0eng d |
| 020 |
|
|
|c 5.00 USD
|
| 020 |
|
|
|z 9781463904944
|
| 022 |
|
|
|a 1018-5941
|
| 040 |
|
|
|a BD-DhAAL
|c BD-DhAAL
|
| 100 |
1 |
|
|a Eyraud, Luc.
|
| 245 |
1 |
0 |
|a Decentralizing Spending More Than Revenue :
|b Does it Hurt Fiscal Performance? /
|c Luc Eyraud, Lusine Lusinyan.
|
| 264 |
|
1 |
|a Washington, D.C. :
|b International Monetary Fund,
|c 2011.
|
| 300 |
|
|
|a 1 online resource (33 pages)
|
| 490 |
1 |
|
|a IMF Working Papers
|
| 500 |
|
|
|a <strong>Off-Campus Access:</strong> No User ID or Password Required
|
| 500 |
|
|
|a <strong>On-Campus Access:</strong> No User ID or Password Required
|
| 506 |
|
|
|a Electronic access restricted to authorized BRAC University faculty, staff and students
|
| 520 |
3 |
|
|a In many countries the decentralization of spending responsibilities has outpaced the decentralization of revenue powers. Sub-national governments have then to rely on transfers from the center and borrowing to finance their spending. When this occurs, we find that the overall fiscal deficit tends to increase. This result is based on cross-country econometric evidence from OECD countries, and is particularly strong in the presence of regional disparities. Fiscal discipline can be strengthened by ensuring that sub-national taxing powers are adequate to meet spending obligations.
|
| 538 |
|
|
|a Mode of access: Internet
|
| 700 |
1 |
|
|a Lusinyan, Lusine.
|
| 830 |
|
0 |
|a IMF Working Papers; Working Paper ;
|v No. 2011/226
|
| 856 |
4 |
0 |
|z Full text available on IMF
|u http://elibrary.imf.org/view/journals/001/2011/226/001.2011.issue-226-en.xml
|z IMF e-Library
|